| 000 | 00667nam a2200217Ia 4500 | ||
|---|---|---|---|
| 005 | 20230523110314.0 | ||
| 008 | 131103s9999 xx 000 0 und d | ||
| 020 |
_a198074956 _c395.00 |
||
| 040 | _aLoreto College | ||
| 041 | _aEnglish | ||
| 082 |
_a330.954 _bACH |
||
| 245 |
_aIndia's economy _b Performance and challenges : Essays in honour of Montek Singh Ahluwalia _cEdited by Shankar Acharya and Rakesh Mohan |
||
| 260 |
_aNew Delhi _bOxford University Press _c2011 |
||
| 300 |
_axv,465p _b22cm |
||
| 650 | _aIndian economy | ||
| 650 | _aEconomy-India | ||
| 700 |
_4ed. _aAcharya,Shankar |
||
| 700 |
_4ed. _aMohan,Rakesh |
||
| 850 | _aLCLIB | ||
| 942 | _cBK | ||
| 999 |
_c38809 _d89288 |
||